Social and cultural mobility / (Record no. 178399)
[ view plain ]
| 000 -LEADER | |
|---|---|
| fixed length control field | 00709 a2200169 4500 |
| 003 - CONTROL NUMBER IDENTIFIER | |
| control field | Nust |
| 005 - DATE AND TIME OF LATEST TRANSACTION | |
| control field | 20230228120546.0 |
| 040 ## - CATALOGING SOURCE | |
| Transcribing agency | Nust |
| 082 ## - DEWEY DECIMAL CLASSIFICATION NUMBER | |
| Classification number | 301.44,SOR |
| 100 ## - MAIN ENTRY--PERSONAL NAME | |
| Personal name | Sorokin, Pitirim A. |
| 9 (RLIN) | 109627 |
| 245 ## - TITLE STATEMENT | |
| Title | Social and cultural mobility / |
| Statement of responsibility, etc. | Pitirim A. Sorokin |
| 260 ## - PUBLICATION, DISTRIBUTION, ETC. | |
| Place of publication, distribution, etc. | New York |
| Name of publisher, distributor, etc. | Free Press |
| Date of publication, distribution, etc. | 1959 |
| 300 ## - PHYSICAL DESCRIPTION | |
| Extent | 645 p. |
| 505 ## - FORMATTED CONTENTS NOTE | |
| Formatted contents note | The Fluctuation of Social Stratification (Page-23), Social Mobility, its forms and Fluctuation (Page-133), Population of Different Social Strata (Page-215), Fundamental Causes of Stratification and Vertical Mobility (Page-337), Present Day Mobile Society (Page-381), The Results of Social Mobility (Page-493). |
| 650 ## - SUBJECT ADDED ENTRY--TOPICAL TERM | |
| Topical term or geographic name entry element | Sociology |
| 9 (RLIN) | 367 |
| 942 ## - ADDED ENTRY ELEMENTS (KOHA) | |
| Source of classification or shelving scheme | |
| Koha item type | Book |
| Withdrawn status | Lost status | Source of classification or shelving scheme | Damaged status | Not for loan | Permanent Location | Current Location | Shelving location | Date acquired | Full call number | Barcode | Date last seen | Price effective from | Koha item type | Public note |
|---|---|---|---|---|---|---|---|---|---|---|---|---|---|---|
| Military College of Signals (MCS) | Military College of Signals (MCS) | General Stacks | 12/12/2016 | 301.44,SOR | MCS34410 | 12/08/2016 | 12/12/2016 | Book | Almirah No.73, Shelf No.3 |
